[Event "Elitserien Allsvenskan 2018-19"]
[Site "Sweden"]
[Date "2019.03.30"]
[Round "8.8"]
[White "Mardell, Jonas"]
[Black "Dragicevic, Drazen"]
[Result "0-1"]
[WhiteElo "2024"]
[BlackElo "2334"]
[Annotator "NA"]
[PlyCount "113"]
[EventDate "2018.11.09"]
[EventType "team-tourn"]
[EventCountry "SWE"]
[SourceTitle "playchess.com"]
[Source "ChessBase"]
[SourceQuality "1"]
[TimeControl "40/5400+30:1800+30"]

1. e4 {[%emt 0:00:00]} c5 {[%emt 0:08:08]} 2. c3 {[%emt 0:00:00]} d5 {[%emt 0:00:21]} 3. exd5 {[%emt 0:00:00]} Qxd5 {[%emt 0:00:10]} 4. d4 {[%emt 0:00:00]} Nf6 {[%emt 0:00:43]} 5. Nf3 {[%emt 0:00:00]} e6 {[%emt 0:00:18]} 6. Be3 {[%emt 0:01:53]} cxd4 {[%emt 0:00:58]} 7. cxd4 {[%emt 0:00:10]} Nc6 {[%emt 0:00:51]} 8. Nc3 {[%emt 0:00:56]} Qd6 {[%emt 0:04:41]} 9. a3 {[%emt 0:00:31]} Be7 {[%emt 0:07:15]} 10. Bc4 {[%emt 0:03:25]} O-O {[%emt 0:01:36] B22: Sicilian: 2 c3} 11. Qd3 $146 {[%emt 0:13:30]} ({Predecessor:} 11. O-O Nd5 12. Rc1 Nxc3 13. Rxc3 h6 14. Qd2 Bf6 15. Rd3 Ne7 16. Bf4 Qd8 17. Ne5 g5 18. Bg3 Nf5 19. f4 {1-0 (32) Shkuran,D (2368)-Tanriverdi,E (2281) Lvov 2018}) 11... a6 {[%emt 0:10:20]} 12. b4 {[%emt 0:10:19]} Rd8 {[%emt 0:08:36]} 13. Rd1 {[%emt 0:12:30]} b5 {[%emt 0:06:36]} 14. Ba2 {[%emt 0:02:12]} Bb7 {[%emt 0:02:46]} 15. Bg5 {[%emt 0:12:35]} Nxd4 {[%emt 0:20:07]} 16. Nxd4 {[%emt 0:33:40]} e5 {[%emt 0:15:37]} 17. O-O {[%emt 0:03:03]} exd4 {[%emt 0:01:06]} 18. Ne2 {[%emt 0:03:04]} Nh5 {[%emt 0:07:44]} 19. Qf5 {[%emt 0:00:41]} Nf6 {[%emt 0:00:58]} 20. Rxd4 {[%emt 0:00:39]} Qc6 {[%emt 0:00:20]} 21. Rxd8+ {[%emt 0:00:18]} Rxd8 {[%emt 0:00:03]} 22. Nf4 {[%emt 0:00:17]} h6 {[%emt 0:00:23]} 23. Bxh6 {[%emt 0:00:20]} Qe4 {[%emt 0:00:54]} 24. Qg5 {[%emt 0:00:26]} Ne8 {[%emt 0:00:27]} 25. Qg3 {[%emt 0:00:22]} Rd2 {[%emt 0:00:49]} 26. Bb1 {[%emt 0:00:21]} Qe5 {[%emt 0:00:30]} 27. Ng6 {[%emt 0:01:43]} Qxg3 {[%emt 0:00:21]} 28. Nxe7+ {[%emt 0:00:02]} Kf8 {[%emt 0:00:05]} 29. hxg3 {[%emt 0:00:16]} gxh6 {[%emt 0:00:05]} 30. Nf5 {[%emt 0:00:12]} h5 {[%emt 0:00:49]} 31. Re1 {[%emt 0:00:06]} Rb2 {[%emt 0:00:34]} 32. Be4 {[%emt 0:00:09]} Bxe4 {[%emt 0:00:59]} 33. Rxe4 {[%emt 0:00:02]} Nf6 {[%emt 0:00:07]} 34. Re1 {[%emt 0:00:44]} Ra2 {[%emt 0:00:16]} 35. Rc1 {[%emt 0:00:27]} Kg8 {[%emt 0:00:42]} 36. f3 {[%emt 0:01:58]} Rxa3 {[%emt 0:00:08]} 37. Rc6 {[%emt 0:00:07]} Nd5 {[%emt 0:00:14]} 38. Rh6 {[%emt 0:01:17]} Nxb4 {[%emt 0:00:38]} 39. Rxh5 Nd3 {[%emt 0:00:45]} 40. Ne7+ {[%emt 0:01:06]} Kg7 {[%emt 0:01:01]} 41. Nf5+ $2 {[%emt 0:05:08]} (41. Kf1 $1 $15) 41... Kg8 $2 {[%emt 0:02:08]} (41... Kg6 $19 42. g4 b4) 42. Rg5+ {[%emt 0:11:37]} Kf8 {[%emt 0:00:46]} 43. Rh5 {[%emt 0:00:58]} Ke8 {[%emt 0:00:55]} 44. Rh8+ {[%emt 0:02:06]} Kd7 {[%emt 0:00:13]} 45. Ra8 {[%emt 0:00:06]} b4 {[%emt 0:02:03]} 46. Nd4 {[%emt 0:02:02]} Kd6 {[%emt 0:11:24]} 47. Kf1 {[%emt 0:03:25]} Kd5 {[%emt 0:02:03]} 48. Nc2 {[%emt 0:00:34]} Ra2 {[%emt 0:01:53]} 49. Rd8+ {[%emt 0:06:46]} Kc4 {[%emt 0:00:18]} 50. Ne3+ {[%emt 0:00:44]} Kc3 {[%emt 0:00:28]} 51. Rc8+ {[%emt 0:01:48]} Kd4 {[%emt 0:02:19]} 52. Nf5+ {[%emt 0:00:36]} ({Avoid the trap} 52. Rc4+ $2 Kxe3 53. Re4+ Kd2 $19) 52... Ke5 {[%emt 0:00:37]} 53. Ne3 {[%emt 0:00:35]} b3 {[%emt 0:01:21]} 54. f4+ $19 {[%emt 0:00:35]} (54. Rd8 {was called for.} Ra1+ 55. Ke2) 54... Kd4 {[%emt 0:03:49]} 55. Nd1 {[%emt 0:00:35]} b2 {[%emt 0:04:15]} 56. Nxb2 {[%emt 0:00:26]} Rxb2 {[%emt 0:00:31]} 57. Rc7 {Ke5} 0-1

[Event "Elitserien Allsvenskan 2018-19"]
[Site "Sweden"]
[Date "2019.03.31"]
[Round "9.1"]
[White "Berg, Emanuel"]
[Black "Tikkanen, Hans"]
[Result "1/2-1/2"]
[WhiteElo "2543"]
[BlackElo "2510"]
[Annotator "TA"]
[PlyCount "33"]
[EventDate "2018.11.09"]
[EventType "team-tourn"]
[EventCountry "SWE"]
[SourceTitle "playchess.com"]
[Source "ChessBase"]
[SourceQuality "1"]

{[%evp 14,33,31,-14,-6,-7,6,-9,-6,-18,-29,-22,-33,-25,-19,-19,-17,-14,-14,-35,-4,-23]} 1. e4 c6 2. d4 d5 3. Nc3 dxe4 4. Nxe4 Nf6 5. Nxf6+ exf6 6. c3 Bd6 7. Bd3 O-O 8. Qf3 {LiveBook: 6 Games. B15: Caro-Kann: 3 Nc3: 3...g6 and 3...dxe4 4 Nxe4 Nf6 5 Nxf6+ exf6} (8. Qc2 Re8+ 9. Be3 h6 10. Ne2 Na6 11. O-O Nc7 12. c4 Bg4 13. h3 Bxe2 14. Bxe2 Ne6 15. Rad1 Qc7 16. Bg4 Rad8 17. Rfe1 Bf4 18. Bxf4 Nxf4 19. Rxe8+ Rxe8 {½-½ (58) Svidler,P (2756)-Carlsen,M (2839) Porto Carras 2018}) 8... c5 9. dxc5 Bxc5 10. Ne2 Nd7 {[#] And now ...Ne5 would win.} 11. Bf4 Ne5 12. Bxe5 $1 fxe5 13. Rd1 {Threatens to win with Bxh7+!} Qe7 14. Ng3 $146 ({Predecessor:} 14. O-O f5 15. Bc4+ Kh8 16. b4 Bb6 17. h3 a5 18. b5 a4 {½-½ (18) Soszynski,M (2043)-Mamrukov,D (2124) FICGS email 2011}) 14... Be6 15. O-O g6 16. Qe2 f6 17. Bc4 1/2-1/2

[Event "Elitserien Allsvenskan 2018-19"]
[Site "Sweden"]
[Date "2019.03.31"]
[Round "9.1"]
[White "Westerberg, Jonathan"]
[Black "Heberla, Bartlomiej"]
[Result "1/2-1/2"]
[WhiteElo "2542"]
[BlackElo "2553"]
[Annotator "TA"]
[PlyCount "120"]
[EventDate "2018.11.09"]
[EventType "team-tourn"]
[EventCountry "SWE"]
[SourceTitle "playchess.com"]
[Source "ChessBase"]
[SourceQuality "1"]

{[%evp 10,120,35,47,58,45,45,25,18,15,25,17,29,28,26,18,28,15,28,15,17,0,7,-16,-18,-14,8,9,13,18,5,-9,0,0,4,-22,-21,-18,-24,-32,-17,-25,-32,-23,-16,-37,-18,-16,0,0,0,0,0,0,0,0,0,0,10,0,0,0,8,0,0,0,0,0,0,0,0,0,0,0,0,-3,-9,-24,-4,-30,-31,-37,-36,-29,-14,-99,0,0,8,-43,-45,-49,-30,-30,-30,-30,-30,-30,-30,-30,-30,-29,-29,-30,-30,-30,-30,-30,-30,-32,-32,-33,-29]} 1. Nf3 g6 2. d4 d6 3. e4 Nf6 4. Bd3 Bg7 5. O-O O-O 6. Re1 Nc6 {B07: Pirc Defence: Miscellaneous Systems} (6... c6 7. h3 Qc7 8. Nbd2 e5 9. c3 Nbd7 10. Nf1 Nh5 11. Be3 Re8 12. Qd2 Nf8 13. Rad1 b5 14. c4 {½-½ (104) Zubov,A (2597)-Nepomniachtchi,I (2763) St Petersburg 2018}) 7. Nbd2 e5 8. dxe5 dxe5 {White has an edge.} 9. Nc4 Qe7 10. c3 a5 11. a4 $146 ({Predecessor:} 11. Bg5 h6 12. Bh4 Rd8 13. Qc2 Bg4 14. Be2 Qc5 15. Ne3 Be6 16. a4 {1-0 (40) Tang,A (2469)-Escalante Ramirez,B (2442) Saint Louis 2018}) 11... Rd8 12. Qe2 h6 13. Ne3 Be6 14. Nd2 Nb8 {[%cal Bc6b8,Bb8d7,Bd7c5][%mdl 32]} 15. Bc4 Nbd7 16. Bxe6 Qxe6 17. Qc4 Qxc4 18. Nexc4 Nc5 19. Nxe5 Re8 20. Nef3 (20. Nec4 {feels hotter.} b6 21. f3 Nh5 22. Nf1 f5 23. Be3) 20... Nfxe4 21. Nxe4 Nxe4 22. Be3 {[#]} Nxc3 $1 {[%mdl 512]} 23. bxc3 Bxc3 {[%mdl 64] Double Attack} 24. Kf1 Bxe1 25. Kxe1 Rad8 26. Rc1 Rd7 27. Rc4 g5 28. g4 $1 c6 29. Ke2 Rd5 30. h4 f6 31. hxg5 hxg5 32. Nd2 Rde5 33. Kf3 Kf7 34. Rc1 Rd5 35. Nc4 Re7 36. Rb1 Kg6 37. Rb3 Red7 38. Nb6 Rd3 39. Rb2 Rh7 40. Nc4 Rd5 41. Nb6 Rd1 42. Bd2 Rh3+ 43. Ke2 Rg1 44. Nc4 Rxg4 45. Nxa5 Re4+ 46. Kf1 f5 {next ...f4 is good for Black.} 47. Kg2 (47. Nxb7 $11 {keeps the balance.} Rxa4 48. Rc2) 47... g4 (47... Rd3 $17 48. Be3 Rg4+ 49. Kf3 Rxa4 50. Nxb7 Raa3) 48. Rxb7 $11 f4 49. Bxf4 (49. Nxc6 $11 f3+ 50. Kg1 Rxa4 51. Bc3) 49... Rxf4 $15 50. Nxc6 $11 {[%mdl 4096] Endgame KRR-KRN} Ra3 ({But not} 50... Rxa4 51. Ne5+ Kf5 {[#]} 52. Nxg4 $1 $17 {[%mdl 512]}) 51. Ne7+ Kh6 52. Rb6+ Kg7 53. Nd5 Rfxa4 {Threatens to win with ...Rf3.} 54. Ne3 Rf4 55. Kg3 Raa4 56. Rb7+ Kg6 {aiming for ...Rf3+.} 57. Rb6+ Kf7 {And now ...Rf3+ would win.} 58. Rb7+ Ke6 {Strongly threatening ...Rf3+.} 59. Rb6+ Kd7 {White must now prevent ...Ke8.} 60. Rg6 Rf3+ {Accuracy: White = 56%, Black = 64%.} 1/2-1/2

[Event "Elitserien Allsvenskan 2018-19"]
[Site "Sweden"]
[Date "2019.03.31"]
[Round "9.1"]
[White "Hector, Jonny"]
[Black "Blomqvist, Erik"]
[Result "1/2-1/2"]
[WhiteElo "2468"]
[BlackElo "2488"]
[Annotator "TA"]
[PlyCount "131"]
[EventDate "2018.11.09"]
[EventType "team-tourn"]
[EventCountry "SWE"]
[SourceTitle "playchess.com"]
[Source "ChessBase"]
[SourceQuality "1"]

{[%evp 11,131,18,28,28,21,17,18,-1,0,-60,-59,-79,-49,-103,-95,-99,-108,-99,-91,-95,-98,-125,-72,-84,-68,-127,-116,-171,-117,-109,-103,-158,-122,-151,-20,-20,-20,-23,-18,-21,-3,0,-6,-4,-6,-11,0,0,0,0,8,0,14,0,0,0,0,0,0,0,0,0,18,5,11,-29,-27,-34,-32,-32,-32,-32,-32,-32,-32,-42,-41,-47,-47,-47,-47,-142,-143,-175,-175,-575,-574,-471,-474,-645,-645,-645,-645,-645,-645,-579,-596,-584,-584,-1153,-576,-4952,-4849,-3331,-1657,-3490,-3222,-1386,-83,-81,-8,-8,-8,-8,-8,-8,-8,-8,-8,-8,-8,-8]} 1. e4 c5 2. Nf3 e6 3. d4 cxd4 4. Nxd4 Nc6 5. Nc3 a6 6. Bf4 d6 {next ...Nxd4 is good for Black.} 7. Nxc6 {B46: Sicilian: Taimanov: 5 Nc3 a6} bxc6 8. Qd2 (8. Bc4 Nf6 9. O-O d5 10. Bb3 Be7 11. Ba4 Bd7 12. e5 Ng8 13. Ne2 Bc5 14. c4 Ne7 {½-½ (34) Harikrishna,P (2744)-Andreikin,D (2712) Huaian 2017}) 8... Be7 9. e5 {[%cal Re5d6]} d5 10. g4 $146 (10. Bd3 $11) ({Predecessor:} 10. Bd3 h5 11. h3 Bb7 12. Ne2 c5 13. c3 Qb6 14. O-O h4 {1-0 (38) Shirov,A (2631)-Esipenko,A (2564) Moscow 2017}) 10... Rb8 11. Rb1 h5 12. gxh5 (12. g5 $1 $15) 12... Rxh5 $17 13. Rg1 Kf8 14. Bd3 c5 15. b3 Nh6 16. Rd1 Nf5 (16... Bb7 $142 17. Kf1 Qc7) 17. Bxf5 Rxf5 18. Ne2 (18. Bh6 $15 Rxe5+ 19. Ne2) 18... Rh5 19. c4 (19. Ng3 $17 Rh4 20. Ne2) 19... Bb7 ({Black should play} 19... d4 $19 20. Ng3 Rh3) 20. cxd5 Qxd5 21. Qc3 (21. Qe3 $142 Qc6 22. Bg5 Bxg5 23. Rxg5 Qh1+ 24. Rg1 Qxh2 25. f4) 21... Qe4 22. Rd7 Bc6 {[#]} (22... g6 $17 {Strongly threatening ...Bd5.} 23. Rg4 Qb1+ 24. Rd1 Qf5) 23. Rxe7 $1 $11 {[%mdl 512]} Kxe7 24. Qxc5+ Ke8 {White must now prevent ...Bb5.} 25. Rxg7 {Threatening mate with Rg8+.} Qb4+ 26. Qxb4 Rxb4 27. Rg8+ Kd7 {Threatening ...Bf3.} 28. Bg3 $1 Bf3 {Hoping for ...Re4.} 29. Kd2 a5 30. Nc3 Rf5 31. Na4 Rb5 32. Ke3 Bc6 33. f4 Rh5 34. h4 Rh7 35. Be1 Ke7 36. Nb2 f6 37. Nc4 fxe5 38. fxe5 a4 39. bxa4 Rb1 $1 {[%csl LRa4,LRe1]} 40. Bg3 Rb4 41. Nd6 $1 Rxa4 42. Bf4 Ra3+ 43. Kd2 Rxa2+ 44. Kc3 Ra8 45. Bg5+ Kd7 46. Rg6 (46. Rxa8 $1 $15 Bxa8 47. Kd3) 46... Bd5 $17 47. Bf6 Kc6 48. Kd4 $2 (48. Rg1 {is tougher.}) 48... Rha7 $19 49. Ke3 {[#]} Ra4 $1 50. Rg1 Ra3+ 51. Kf4 Rf3+ 52. Kg4 {[#]} Rxf6 $1 {[%mdl 512]} 53. Rc1+ (53. exf6 Rg8+) 53... Kd7 {( -> ...Rg8+)} 54. exf6 {Threatens to win with Nc8!} Kxd6 {[%mdl 4096] Endgame KRB-KR} 55. Kg5 e5 (55... Rg8+ $142 56. Kh6 e5) 56. Rd1 Ke6 57. f7 Rf8 58. Ra1 e4 59. h5 Rxf7 $2 (59... Kxf7 $19 60. Ra3 Kg7) 60. h6 $17 Rf8 (60... Re7 $17 61. Kf4 Kf6 62. Ra6+ Be6) 61. h7 $11 {The position is equal.} Rh8 62. Kg6 Ke5 63. Kg7 {[#]} Rxh7+ $1 {[%mdl 512]} 64. Kxh7 e3 {And now ...e2 would win.} 65. Re1 Kf4 {...Kf3 is the strong threat.} 66. Rxe3 $1 {Accuracy: White = 44%, Black = 62%.} 1/2-1/2

[Event "Elitserien Allsvenskan 2018-19"]
[Site "Sweden"]
[Date "2019.03.31"]
[Round "9.1"]
[White "Degerman, Lars"]
[Black "Nyander, Joakim"]
[Result "0-1"]
[WhiteElo "2454"]
[BlackElo "2216"]
[Annotator "TA"]
[PlyCount "92"]
[EventDate "2018.11.09"]
[EventType "team-tourn"]
[EventCountry "SWE"]
[SourceTitle "playchess.com"]
[Source "ChessBase"]
[SourceQuality "1"]

{[%evp 10,92,47,24,51,36,52,29,33,14,52,35,72,72,93,58,62,37,47,45,52,0,-7,-9,0,-24,-23,-101,-95,-147,-104,-125,-116,-118,-125,-111,-105,-103,-118,-147,-149,-149,-147,-149,-145,-145,-145,-168,-169,-170,-158,-179,-178,-219,-185,-252,-248,-241,-216,-237,-199,-215,-191,-286,-210,-213,-181,-259,-225,-257,-237,-313,-306,-385,-383,-380,-372,-383,-345,-383,-373,-380,-380,-369,-354]} 1. d4 Nf6 2. Nf3 c5 3. e3 e6 4. c4 a6 5. Nc3 b6 6. Be2 d6 {E14: Queen's Indian: Classical Variation (4 e3)} 7. O-O Be7 8. b3 O-O {White has an edge.} 9. Bb2 Nbd7 10. d5 e5 11. e4 Ne8 12. Ne1 g6 13. Nd3 Ng7 $146 ({Predecessor:} 13... f5 14. f4 {0-1 (29) Inkiov,V (2480)-Balashov,Y (2495) Jurmala 1985}) 14. Qc2 Re8 15. f4 (15. Bc1 $14) 15... exf4 $11 16. Rxf4 Bg5 17. Rf3 f5 18. exf5 (18. Nf4 $11 {keeps the balance.}) 18... Nxf5 $17 19. Nd1 ({White should play} 19. Rxf5 gxf5 20. Rf1) 19... Nf6 20. Nf4 Nd4 21. Bxd4 cxd4 22. Nf2 {[#]} Ng4 $1 23. Nxg4 Bxg4 24. Ne6 Bxf3 25. Bxf3 Qf6 26. Rf1 Be3+ 27. Kh1 Ra7 {[%cal Ba8a7,Ba7f7,Bf7f5][%mdl 32]} 28. g3 Rf7 29. Kg2 Qf5 30. Qxf5 Rxf5 31. Rd1 Re7 {aiming for ...Ref7.} 32. Nxd4 (32. g4 $142 Rf6 33. g5) 32... Bxd4 $19 33. Rxd4 {[%mdl 4096] Endgame KRR-KRB} Re3 34. Bg4 Rf6 35. Rd2 Kg7 36. Be6 (36. Rc2 $142) 36... a5 37. Bg4 Rf8 38. Bd1 (38. Re2 $142 Rxe2+ 39. Bxe2) 38... Re1 39. Be2 h5 40. h4 Rf7 41. Bd3 Re3 42. Be2 Rf5 43. Bd1 Rfe5 44. Rf2 Rc3 {Black is winning.} 45. Kh2 Ree3 46. Rg2 Rc1 {Accuracy: White = 40%, Black = 76%.} 0-1

[Event "Elitserien Allsvenskan 2018-19"]
[Site "Sweden"]
[Date "2019.03.31"]
[Round "9.1"]
[White "Akesson, Ralf"]
[Black "Eriksson, Jorgen"]
[Result "1-0"]
[WhiteElo "2343"]
[BlackElo "2206"]
[Annotator "NA"]
[PlyCount "101"]
[EventDate "2018.11.09"]
[EventType "team-tourn"]
[EventCountry "SWE"]
[SourceTitle "playchess.com"]
[Source "ChessBase"]
[SourceQuality "1"]
[TimeControl "40/5400+30:1800+30"]

1. c4 {[%emt 0:00:00]} c5 {[%emt 0:00:48]} 2. Nf3 {[%emt 0:00:00]} Nc6 {[%emt 0:00:13]} 3. d4 {[%emt 0:00:27]} cxd4 {[%emt 0:00:13]} 4. Nxd4 {[%emt 0:00:06]} Nf6 {[%emt 0:02:41]} 5. Nc3 {[%emt 0:00:11]} g6 {[%emt 0:00:17]} 6. e4 {[%emt 0:01:35]} Bg7 {[%emt 0:04:02]} 7. Be3 {[%emt 0:00:26]} O-O {[%emt 0:01:42] LiveBook: 2467 Games} 8. Be2 {[%emt 0:00:14]} d6 {[%emt 0:00:27]} 9. O-O {[%emt 0:00:34]} Nxd4 {[%emt 0:03:46]} 10. Bxd4 {[%emt 0:05:11]} Nd7 {[%emt 0:01:01] B38: Sicilian: Maroczy Bind with 5...Bg7 and 7...0-0} (10... Bd7 11. Qd3 Bc6 12. b4 a6 13. Qe3 Qb8 14. f4 b5 15. e5 Ne8 16. c5 dxe5 17. Bxe5 Qb7 18. Bf3 Bxf3 19. Qxf3 Qxf3 20. gxf3 {0-1 (37) Eljanov,P (2703)-Flores,D (2621) Batumi 2018}) 11. Rc1 {[%emt 0:04:48]} Bxd4 {[%emt 0:11:07]} 12. Qxd4 {[%emt 0:00:11]} Ne5 {[%emt 0:01:48]} 13. f4 $146 {[%emt 0:04:32]} ({Predecessor:} 13. Rfd1 b6 14. Nd5 Bb7 15. Rc3 f5 16. exf5 Rxf5 17. Rh3 Rf7 18. Qh4 {½-½ (40) Franciskovic,B (2309)-Turk,T (1958) Bol 2015}) 13... Nc6 {[%emt 0:01:33]} 14. Qd2 {[%emt 0:00:43]} Qb6+ {[%emt 0:07:30]} 15. Kh1 {[%emt 0:04:26]} Qd4 {[%emt 0:00:30]} 16. Qe1 {[%emt 0:02:40]} Be6 {[%emt 0:08:48]} 17. Rd1 {[%emt 0:10:27]} Qc5 {[%emt 0:02:08]} 18. Nd5 {[%emt 0:10:04]} Bxd5 {[%emt 0:05:29]} 19. exd5 {[%emt 0:05:31]} Nd4 {[%emt 0:03:22]} 20. Bd3 {[%emt 0:02:25]} e6 {[%emt 0:03:22]} 21. b4 {[%emt 0:14:04]} Qb6 {[%emt 0:01:35]} 22. Bb1 {[%emt 0:02:35]} Rac8 {[%emt 0:06:15]} 23. dxe6 {[%emt 0:06:52]} fxe6 {[%emt 0:01:57]} 24. a3 {[%emt 0:06:32]} Rce8 {[%emt 0:13:46]} 25. Qe3 {[%emt 0:04:36]} e5 {[%emt 0:06:22]} 26. fxe5 {[%emt 0:01:38]} Rxf1+ {[%emt 0:04:16]} 27. Rxf1 {[%emt 0:00:02]} Rxe5 {[%emt 0:05:33]} 28. Be4 {[%emt 0:01:30]} Nf5 {[%emt 0:00:46]} 29. Qxb6 {[%emt 0:01:23]} axb6 {[%emt 0:00:02]} 30. Bxb7 {[%emt 0:00:12]} Re3 {[%emt 0:01:47]} 31. Ra1 {[%emt 0:09:54]} Nd4 {[%emt 0:01:43]} 32. h3 {[%emt 0:00:27]} Nc2 {[%emt 0:00:27]} 33. Rd1 {[%emt 0:00:07]} Rxa3 {[%emt 0:00:38]} 34. Rxd6 {[%emt 0:00:21]} Nxb4 {[%emt 0:00:25]} 35. Rxb6 {[%emt 0:00:09]} Nd3 {[%emt 0:00:22]} 36. Kh2 {[%emt 0:01:03]} Kg7 {[%emt 0:00:41]} 37. Rd6 {[%emt 0:01:50]} Rc3 {[%emt 0:00:29]} 38. Bd5 {[%emt 0:00:37]} Ne5 {[%emt 0:00:33]} 39. Re6 {[%emt 0:00:18]} Nd3 {[%emt 0:00:29]} 40. Re3 {[%emt 0:00:41]} Kf6 {[%emt 0:00:32]} 41. Be4 {[%emt 0:02:05]} Rxc4 {[%emt 0:00:11]} 42. Bxd3 {[%emt 0:00:09]} Rc7 {[%emt 0:00:20]} 43. Kg3 {[%emt 0:00:29]} Ra7 {[%emt 0:00:15]} 44. h4 {[%emt 0:01:01]} Ra5 {[%emt 0:00:40]} 45. Rf3+ {[%emt 0:03:19]} Kg7 {[%emt 0:01:27]} 46. Rf4 {[%emt 0:04:58]} Ra7 {[%emt 0:07:25]} 47. Rb4 {[%emt 0:01:07]} Kh6 {[%emt 0:02:36]} 48. Be4 {[%emt 0:00:36]} Re7 {[%emt 0:00:18]} 49. Bf3 {[%emt 0:00:33]} Re5 {[%emt 0:03:34]} 50. Rb7 $18 {[%emt 0:01:31]} g5 {[%emt 0:01:30]} 51. h5 {[%emt 0:03:33]} 1-0

[Event "Elitserien Allsvenskan 2018-19"]
[Site "Sweden"]
[Date "2019.03.31"]
[Round "9.2"]
[White "Hammer, Jon Ludvig"]
[Black "Johansson, Linus"]
[Result "0-1"]
[WhiteElo "2650"]
[BlackElo "2479"]
[Annotator "TA"]
[PlyCount "114"]
[EventDate "2018.11.09"]
[EventType "team-tourn"]
[EventCountry "SWE"]
[SourceTitle "playchess.com"]
[Source "ChessBase"]
[SourceQuality "1"]

{[%evp 16,114,8,0,37,0,33,33,0,0,79,87,86,81,90,84,91,88,88,79,87,89,98,93,100,99,104,0,0,0,0,0,0,0,83,84,86,0,0,0,0,0,0,0,16,0,0,0,0,0,0,0,0,0,0,0,0,0,0,0,0,0,0,0,0,0,0,0,0,0,0,0,0,0,0,0,0,-802,-794,-584,-583,-795,-730,-29979,-29981,-29981,-29982,-29982,-29983,-29983,-29981,-29981,-29982,-29982,-29983,-29983,-29984,-29988,-29989,-29989,-29990]} 1. d4 Nf6 2. c4 e6 3. Nf3 c5 4. Nc3 cxd4 5. Nxd4 d5 6. cxd5 Nxd5 7. Bd2 Bc5 8. Nb3 Bb6 {A32: Symmetrical English: 2 Nf3 Nf6 3 d4 cxd4 4 Nxd4 e6} (8... Be7 9. e4 Nxc3 10. Bxc3 Qxd1+ 11. Rxd1 O-O 12. h4 Rd8 13. Rxd8+ Bxd8 14. h5 Nc6 15. Bb5 Be7 16. Bxc6 bxc6 {½-½ (31) Le,Q (2715)-Vachier Lagrave,M (2780) Batumi 2018}) 9. g3 {LiveBook: 7 Games} a5 10. Na4 $146 ({Predecessor:} 10. Bg2 a4 11. Nc1 a3 12. Nd3 axb2 13. Rb1 O-O 14. O-O Nc6 15. Nxd5 exd5 16. Rxb2 {0-1 (32) Piesina,G (2420)-Magerramov,E (2500) Budapest 1990}) 10... Ba7 {The position is equal.} 11. Bxa5 Qf6 12. e3 Bd7 {[#]} (12... O-O $11 {keeps the balance.}) 13. Nc3 $1 $16 Bc6 {And now ...Nxe3 would win.} 14. Bb5 O-O {White must now prevent ...Nxe3.} 15. Bxc6 Nxc6 16. Nxd5 exd5 17. Bc3 ({Reject} 17. Qxd5 Bxe3 18. fxe3 Nxa5 $11) 17... d4 18. Nxd4 Nxd4 19. Bxd4 Bxd4 20. Qxd4 Qa6 21. Qd2 (21. Rd1 $16) 21... Rfd8 $36 {[%mdl 2048] Black is pushing.} 22. Qe2 {Hoping for Qxa6.} Qa5+ 23. Kf1 Rd2 24. Qf3 Rc8 (24... Ra6 $1 $11 25. Rc1 (25. Qxb7 Rf6 $11) 25... g6) 25. Kg2 $16 Rcc2 {[#]} 26. Rhd1 (26. Rhf1 $1 $16) 26... Rxf2+ $11 27. Qxf2 Rxf2+ 28. Kxf2 {[%mdl 4096] Endgame KQ-KRR} h5 29. Rd4 g5 30. a4 Qf5+ 31. Kg1 Qc2 32. Rf1 Qb3 33. Rd8+ Kg7 34. Re8 Qb4 35. Re5 f6 36. Re6 Qxa4 37. Rfxf6 Qa1+ 38. Rf1 Qxb2 39. Re7+ Kg6 40. Re6+ Kg7 41. h3 Qb5 42. Re7+ Kg6 43. Re6+ Kg7 44. Re7+ Kg6 45. Rf2 Qd5 46. Kh2 $2 {[%mdl 8192]} (46. Re8 $11) 46... h4 $19 47. Kg1 Qd1+ 48. Rf1 Qd6 49. Rxb7 Qxg3+ {Black mates.} 50. Kh1 Qxh3+ 51. Kg1 Qxe3+ 52. Rf2 Qe1+ 53. Rf1 Qg3+ 54. Kh1 Qh3+ 55. Kg1 Qg4+ 56. Kh2 Qe2+ 57. Kg1 h3 {Precision: White = 50%, Black = 78%.} 0-1

[Event "Elitserien Allsvenskan 2018-19"]
[Site "Sweden"]
[Date "2019.03.31"]
[Round "9.2"]
[White "Cuenca Jimenez, Jose Fernando"]
[Black "Amin, Bassem"]
[Result "1/2-1/2"]
[WhiteElo "2544"]
[BlackElo "2709"]
[Annotator "TA"]
[PlyCount "97"]
[EventDate "2018.11.09"]
[EventType "team-tourn"]
[EventCountry "SWE"]
[SourceTitle "playchess.com"]
[Source "ChessBase"]
[SourceQuality "1"]

{[%evp 18,97,23,22,20,23,19,26,77,73,71,76,75,61,50,47,85,98,93,90,87,87,86,84,123,134,147,138,160,149,168,183,178,169,193,193,231,231,206,193,193,193,179,168,206,206,206,206,198,161,161,161,161,120,158,158,181,151,153,153,168,149,166,144,142,22,30,30,31,31,31,31,56,39,165,177,162,0,52,0,50,0]} 1. d4 Nf6 2. c4 g6 3. Nc3 Bg7 4. e4 d6 5. h3 O-O 6. Be3 c5 7. d5 e6 8. Bd3 exd5 9. exd5 Na6 10. Nf3 Nb4 {E90: King's Indian: Classical: Early deviations and 6 h3} 11. Be2 (11. Bb1 b5 12. a3 Qa5 13. O-O bxc4 14. Bf4 Rd8 15. Re1 Nd3 16. Bxd3 cxd3 17. Qxd3 Qb6 18. Qd2 {½-½ (68) Harsha,B (2481)-Vocaturo,D (2626) Caleta 2019}) 11... Bf5 {Strongly threatening ...Nc2+.} 12. Rc1 $1 Ne4 (12... Re8 $11 {keeps the balance.}) 13. g4 $146 {[%cal Rg4f5]} ({Predecessor:} 13. Nxe4 Bxe4 14. a3 Na6 15. Ng5 Bf5 16. g4 Bd7 17. Qd2 Re8 18. O-O {1-0 (60) Chkhaidze,N (2306)-Vulfson,V (2401) Marianske Lazne 2018}) 13... Nxc3 14. bxc3 Nxa2 {[%mdl 64] Double Attack} 15. gxf5 Nxc1 16. Qxc1 Qf6 17. fxg6 Qxc3+ 18. Qxc3 Bxc3+ 19. Kd1 $1 hxg6 20. Kc2 Bg7 21. Rb1 {[%mdl 1024] White has strong compensation.} b6 22. h4 Rfe8 23. Bd3 $1 Kf8 {[#]} 24. h5 $1 {[%mdl 512]} gxh5 25. Nh4 $1 Rxe3 26. fxe3 Be5 27. Nf5 Ke8 28. Rh1 Kd7 29. Rxh5 Rg8 30. Be4 Ke8 31. Bf3 a6 32. Rh6 Rg6 33. Rxg6 fxg6 34. Nh4 g5 35. Ng2 b5 36. Be2 bxc4 37. Bxc4 a5 38. Kd3 Kf7 39. Ke4 Kf6 40. Ne1 g4 41. Bb3 ({White must play} 41. Nd3 $16 Ke7 42. Ne1) 41... Kg5 $11 42. Ng2 {Threatens to win with Ba4.} Bg3 43. Ba4 {Black must now prevent Bd7.} Be5 $1 44. Kd3 {Hoping for Ke4.} Bg7 45. Bd7 $1 {aiming for Ke4.} Be5 {[#]} (45... Bf6 $14) 46. Kc4 $1 $18 Bb2 {[#]} 47. Kd3 ({Only move:} 47. Kb5 $1 $18) 47... Be5 $14 48. Ba4 (48. Ke2 $14) 48... Bb2 49. Bd7 {Accuracy: White = 74%, Black = 54%.} 1/2-1/2